KOHA-Header-6

Online Marketing handbook (Record no. 6549)

000 -LEADER
fixed length control field 00240nam a2200109Ia 4500
020 ## - INTERNATIONAL STANDARD BOOK NUMBER
ISBN 9780442020583
100 ## - MAIN ENTRY--AUTHOR NAME
Personal name Daniel S.Janal
245 #0 - TITLE STATEMENT
Title Online Marketing handbook
260 ## - PUBLICATION, DISTRIBUTION, ETC. (IMPRINT)
Place of publication New Jersey
Name of publisher Thomson
Year of publication 1995
300 ## - PHYSICAL DESCRIPTION
Number of Pages 370
942 ## - ADDED ENTRY ELEMENTS (KOHA)
Koha item type Books
Holdings
Withdrawn status Lost status Collection code Permanent Location Current Location Shelving location Date acquired Full call number Accession Number Koha item type
    Marketing MAJU MAJU   2019-09-07 126 5229 Marketing

Powered by Koha